[Event "Romanian Open"]
[Site "Predeal ROM"]
[Date "2007.08.13"]
[Round "3"]
[White "Szabo,G ROM"]
[Black "Grecescu,G"]
[Result "1-0"]
[WhiteElo "2524"]
[BlackElo "2383"]

1.e4 g6 2.d4 Bg7 3.Nc3 d6 4.Bg5 Nd7 5.Nf3 c5 6.Qd2 cxd4 7.Nxd4 Ngf6 8.Bh6 O-O
9.f3 e5 10.Bxg7 Kxg7 11.Ndb5 Nc5 12.Qxd6 Qxd6 13.Nxd6 Be6 14.O-O-O Ne8 15.Nc4 f6
16.b4 Na6 17.a3 Rc8 18.Nd5 Rf7 19.Kb2 Nb8 20.c3 Bxd5 21.exd5 b5 22.Nd2 a6
23.c4 bxc4 24.Nxc4 Rd8 25.Na5 Rfd7 26.Bc4 Nd6 27.Be2 Nf5 28.Nc6 Rc8 29.Nxb8 Rxb8
30.Bxa6 Rd6 31.Bc4 Ne3 32.Rc1 f5 33.Rhe1 f4 34.Bb3 Kf6 35.Rc6 Ke7 36.Rec1 Nxg2
37.Rxd6 Kxd6 38.Rc6+ Kd7 39.Ba4 Ke7 40.Re6+ Kf7 41.Rxe5 Ne3 42.Re4 g5 43.d6 Rb6
44.d7 Rd6 45.Re8  1-0

[Event "17th Chess Festival"]
[Site "Abu Dhabi UAE"]
[Date "2007.08.14"]
[Round "3"]
[White "Pourkashiyan,A"]
[Black "Ivanov,MM"]
[Result "0-1"]
[WhiteElo "2322"]
[BlackElo "2455"]

1.e4 g6 2.d4 Bg7 3.Nc3 d6 4.g3 Nc6 5.Be3 e5 6.d5 Nce7 7.Bg2 f5 8.Qd2 Nf6
9.Bh6 O-O 10.Bxg7 Kxg7 11.O-O-O fxe4 12.Bxe4 b5 13.Bg2 Bb7 14.a3 a5 15.Nxb5 Bxd5
16.Bxd5 Nfxd5 17.h4 Qd7 18.Nc3 Nxc3 19.Qxc3 Qc6 20.Qxc6 Nxc6 21.Nh3 Nd4 22.Rhe1 Rf3
23.Re4 h6 24.Rde1 Raf8 25.R4e3 R8f6 26.Kd1 Ne6 27.R1e2 g5 28.hxg5 hxg5 29.Rxf3 Rxf3
30.Ng1 Rf8 31.Ke1 Kg6 32.Rd2 Rb8 33.c3 a4 34.Ne2 g4 35.Nc1 Ng5 36.Ke2 Nf3
37.Rc2 e4 38.Ke3 Kf5 39.Ne2 c5 40.Nf4 Ne5 41.Ke2 Nc4 42.Nd5 Nxb2 43.Ne3+ Kg5
44.Rd2 Nd3 45.Nc4 d5 46.Ne3 d4 47.cxd4 cxd4 48.Nc2 Nc1+ 49.Kd1 Nb3 50.Re2 d3
51.Rxe4 dxc2+ 52.Kxc2 Rc8+  0-1

[Event "17th Chess Festival"]
[Site "Abu Dhabi UAE"]
[Date "2007.08.15"]
[Round "4"]
[White "Adhiban,B"]
[Black "Jasim,A"]
[Result "0-1"]
[WhiteElo "2406"]
[BlackElo "2297"]

1.e4 g6 2.d4 Bg7 3.Nc3 d6 4.Be3 a6 5.a4 Nf6 6.Qd2 O-O 7.f3 e5 8.dxe5 dxe5
9.Bd3 Qe7 10.Nge2 Be6 11.g4 Rd8 12.Ng3 c5 13.Qg2 c4 14.Be2 Nc6 15.h4 Nd4
16.Bd1 Qc5 17.Qf2 b5 18.Nb1 Qd6 19.O-O b4 20.h5 Rac8 21.c3 bxc3 22.Nxc3 Nd7
23.Kh1 Nc5 24.Qg2 Qe7 25.Qh2 Nd3 26.Rg1 Rb8 27.Rb1 Kh8 28.hxg6 fxg6 29.Nf5 gxf5
30.exf5 Bc8 31.Ne4 Nf4 32.Bf2 Rd6 33.Bh4 Qf8  0-1

[Event "New England Masters"]
[Site "Peabody USA"]
[Date "2007.08.15"]
[Round "4"]
[White "Friedel,J"]
[Black "Liu,E"]
[Result "1-0"]
[WhiteElo "2472"]
[BlackElo "2260"]

1.e4 g6 2.d4 Bg7 3.Nc3 d6 4.h3 a6 5.Nf3 Nf6 6.Bd3 O-O 7.O-O b5 8.e5 Ne8 9.Qe2 Bb7
10.Bg5 dxe5 11.dxe5 c5 12.Rfd1 Qc7 13.Be4 Bxe4 14.Qxe4 Nc6 15.Nd5 Qa7 16.Nxe7+ Nxe7
17.Bxe7 Nc7 18.Bxf8 Rxf8 19.Qc6 Ne6 20.Rd7 Qa8 21.Qxa8 Rxa8 22.Rad1 c4 23.Nd4  1-0

[Event "Acropolis Open"]
[Site "Athens GRE"]
[Date "2007.08.16"]
[Round "3"]
[White "Ikonomopoulou,M"]
[Black "Kotrotsos,V"]
[Result "0-1"]
[WhiteElo "2029"]
[BlackElo "2337"]

1.e4 g6 2.d4 Bg7 3.Nc3 d6 4.Be3 a6 5.Qd2 Nd7 6.h4 h6 7.O-O-O b5 8.h5 g5 9.f4 gxf4
10.Bxf4 Bb7 11.e5 Nb6 12.Bd3 e6 13.Rh3 b4 14.Nce2 dxe5 15.Rg3 exf4 16.Rxg7 Qf6
17.Rg4 Nd5 18.Nxf4 Qe7 19.Rg7 Qf8 20.Rg4 Ngf6 21.Rh4 Qe7 22.Nf3 O-O-O 23.Rhh1 Rhg8
24.Nxd5 Bxd5 25.Bxa6+ Kb8 26.Qe2 Rd6 27.Nh4 Ne4 28.Qb5+ Rb6 29.Qa5 Nf2 30.Nf3 Nxd1
31.Rxd1 Rxg2 32.Ne5 Qg5+  0-1

[Event "5th Staunton Mem"]
[Site "London ENG"]
[Date "2007.08.17"]
[Round "10"]
[White "Adams,Mi"]
[Black "McNab,C"]
[Result "1-0"]
[WhiteElo "2724"]
[BlackElo "2416"]

1.e4 g6 2.d4 Bg7 3.Nc3 d6 4.Be3 a6 5.Qd2 Nd7 6.h4 h5 7.Nh3 b5 8.Ng5 c6 9.O-O-O Qa5
10.Kb1 Ngf6 11.f3 Bb7 12.g3 O-O 13.g4 e5 14.gxh5 Nxh5 15.Qf2 Qc7 16.Bh3 Rae8
17.Ne2 exd4 18.Bxd4 Ne5 19.Bg4 c5 20.Bxe5 Rxe5 21.Bxh5 gxh5 22.Nf4 d5 23.Rhg1 dxe4
24.fxe4 Rd8 25.Rdf1 Rd6 26.Nxh5 Rg6 27.Nxg7 Rxg7 28.Nxf7 Rxe4 29.Rxg7+ Kxg7
30.Qf6+  1-0

[Event "17th Chess Festival"]
[Site "Abu Dhabi UAE"]
[Date "2007.08.18"]
[Round "7"]
[White "Udeshi,A"]
[Black "Ivanov,MM"]
[Result "1/2-1/2"]
[WhiteElo "2307"]
[BlackElo "2455"]

1.e4 g6 2.d4 Bg7 3.Nc3 d6 4.f4 Nf6 5.Nf3 O-O 6.e5 Ng4 7.h3 Nh6 8.Be3 Na6
9.Qd2 c5 10.d5 Nf5 11.Bf2 dxe5 12.Nxe5 Qa5 13.O-O-O Rd8 14.Bxa6 Qxa6 15.Bxc5 Bd7
16.g4 Rac8 17.Bd4 Nxd4 18.Qxd4 b5 19.Qb4 Bf8 20.d6 exd6 21.Nxd7 Rxd7 22.Qxb5 Qxb5
23.Nxb5 d5 24.Rd3 Re7 25.f5 Bg7 26.fxg6 hxg6 27.Rhd1  1/2-1/2

[Event "LNA Copa Puma"]
[Site "Argentina ARG"]
[Date "2007.08.18"]
[Round "2"]
[White "Obregon,A"]
[Black "Dolezal,C"]
[Result "1-0"]
[WhiteElo "2355"]
[BlackElo "2424"]

1.e4 g6 2.d4 Bg7 3.Nc3 d6 4.Be3 a6 5.Qd2 b5 6.h4 h5 7.Nh3 Bxh3 8.Rxh3 c6
9.f3 e6 10.Bd3 Nd7 11.Ne2 Nb6 12.c3 Ne7 13.O-O-O Nc4 14.Bxc4 bxc4 15.Bg5 f6
16.Be3 Qa5 17.Kb1 Kf7 18.Qc2 Rab8 19.Bf4 e5 20.Bc1 Qb5 21.f4 Rbd8 22.Rf3 Rhe8
23.Rdf1 Kg8 24.f5 gxf5 25.exf5 Kf7 26.Ng3 Rh8 27.Ne4 exd4 28.Ng5+ Kg8 29.Ne6 d3
30.Qf2 Rd7 31.Rg3 Nd5 32.Nxg7 Rxg7 33.Rxg7+ Kxg7 34.Qg3+ Kf7 35.Qg6+ Kf8
36.Bh6+ Rxh6 37.Qxh6+ Kg8 38.Ka1 Qc5 39.Re1 Ne7 40.Qxf6 Qxf5 41.Qxe7 d2 42.Qe8+ Kg7
43.Re7+  1-0

[Event "Petrovskaya Ladya IM2"]
[Site "Peterhof RUS"]
[Date "2007.08.18"]
[Round "8"]
[White "Fedoseev,Vl3"]
[Black "Rozum,I"]
[Result "0-1"]
[WhiteElo "2237"]
[BlackElo "2354"]

1.e4 g6 2.d4 Bg7 3.Nc3 d6 4.g3 Nf6 5.Bg2 O-O 6.Nge2 Na6 7.O-O c5 8.d5 Nc7
9.a4 b6 10.f4 Bb7 11.h3 Re8 12.g4 e6 13.dxe6 Nxe6 14.Nb5 Nxe4 15.f5 Nc7 16.f6 Bf8
17.Nxc7 Qxc7 18.Nc3 Nxc3 19.bxc3 Bxg2 20.Kxg2 Qc6+ 21.Kg1 d5 22.Qf3 Re4 23.Bd2 Rae8
24.Rf2 c4 25.Rg2 R8e6 26.Rf1 Qxa4 27.h4 Qxc2 28.h5 Qd3 29.hxg6 hxg6 30.Qxd3 cxd3
31.Rf3 Bc5+ 32.Kh2 Be3 33.Kg3 g5 34.Rf5 R6e5 35.Rxe5 Rxe5 36.Kf3 Bxd2 37.Rxd2 Re6
38.Rxd3 Rxf6+ 39.Kg3 Rc6 40.Rxd5 Rxc3+ 41.Kf2 Rc5  0-1

[Event "17th Chess Festival"]
[Site "Abu Dhabi UAE"]
[Date "2007.08.19"]
[Round "8"]
[White "Kayumov,S"]
[Black "Jasim,A"]
[Result "1/2-1/2"]
[WhiteElo "2414"]
[BlackElo "2297"]

1.e4 g6 2.d4 Bg7 3.Nc3 d6 4.Be3 a6 5.Qd2 b5 6.a4 b4 7.Nce2 a5 8.c3 Bb7 9.cxb4 Bxe4
10.bxa5 c5 11.dxc5 dxc5 12.Qxd8+ Kxd8 13.Bxc5 Bxb2 14.Ra2 Bg7 15.Bb6+ Ke8
16.f3 Bd5 17.Rd2 e6 18.Nd4 Nd7 19.Bb5 Ke7 20.Nc6+ Kd6 21.Ne2 Ne7 22.Bd4 Bxd4
23.Nexd4 Nxc6  1/2-1/2

[Event "ch-Euro IBCA"]
[Site "Durham ENG"]
[Date "2007.08.19"]
[Round "6"]
[White "Muri,E"]
[Black "Lilley,G"]
[Result "0-1"]
[WhiteElo "2028"]
[BlackElo "2155"]

1.e4 g6 2.d4 Bg7 3.Nc3 d6 4.Nf3 Nf6 5.Be2 O-O 6.O-O Bg4 7.Be3 Nc6 8.h3 Bxf3
9.Bxf3 e5 10.dxe5 Nxe5 11.Be2 Re8 12.Re1 Ned7 13.Bf3 Nb6 14.Qd3 Nfd7 15.Bd4 Ne5
16.Bxe5 Bxe5 17.g3 Qf6 18.Bg2 Bd4 19.Rf1 Kg7 20.Rab1 Bxc3 21.bxc3 Re5 22.f4 Rc5
23.Rf3 Re8 24.Re3 Qe6 25.Rb3 Ra5 26.e5 d5 27.g4 Rxa2 28.f5 Qc6 29.f6+ Kg8
30.Qd2 Nc4 31.Qf2 Nxe3 32.Qf4 Qc5 33.Kh2 Rxc2 34.Qh6 Rxg2+ 35.Kh1 Nf5  0-1

[Event "ch-SLO"]
[Site "Ljubljana SLO"]
[Date "2007.08.19"]
[Round "9"]
[White "Barle,J"]
[Black "Jeran,B"]
[Result "1-0"]
[WhiteElo "2400"]
[BlackElo "2153"]

1.e4 d6 2.d4 g6 3.Nc3 Bg7 4.Nge2 Nf6 5.g3 O-O 6.Bg2 e5 7.O-O Re8 8.h3 exd4
9.Nxd4 Nc6 10.Be3 Bd7 11.Nde2 Ne5 12.b3 Qc8 13.f4 Nc6 14.g4 b5 15.a3 Rb8
16.f5 gxf5 17.gxf5 Kh8 18.Qd2 a5 19.Ng3 Ne7 20.Rad1 Bc6 21.Bd4 Qb7 22.Rf4 Neg8
23.Rh4 b4 24.axb4 axb4 25.Nd5 Bxd5 26.exd5 h6 27.Ne4 Nh7 28.Bxg7+ Kxg7 29.f6+ Nhxf6
30.Nxf6 Kxf6 31.Rf1+ Kg7 32.Rg4+ Kf8 33.Qf4 Qa7+ 34.Kh1 Re7 35.Qg3 Re3 36.Rxg8+ Ke7
37.Rxf7+  1-0

[Event "Open A"]
[Site "Polanica Zdroj POL"]
[Date "2007.08.19"]
[Round "3"]
[White "Betkowski,A"]
[Black "Butkiewicz,L"]
[Result "0-1"]
[WhiteElo "2224"]
[BlackElo "2269"]

1.e4 d6 2.d4 g6 3.Nc3 Bg7 4.Be3 c6 5.Qd2 b5 6.Bd3 Nd7 7.Nge2 Rb8 8.O-O Ngf6
9.f3 O-O 10.Nd1 Qc7 11.c3 e5 12.Bh6 Re8 13.Bxg7 Kxg7 14.Ne3 Nb6 15.Ng3 Be6
16.f4 exd4 17.cxd4 Nc4 18.Bxc4 Bxc4 19.e5 Ng8 20.Rf2 Rbd8 21.b3 dxe5 22.bxc4 exd4
23.Ng4 bxc4 24.f5 f6 25.fxg6 hxg6 26.Nxf6 Nxf6 27.Qg5 Nh7 28.Nh5+ Kh8 29.Qxg6 Rg8
30.Qe6 Qd6 31.Qxc4 Qd5 32.Qxd5 Rxd5 33.Nf4 Rd6 34.Rc1 Ng5 35.h4 Ne4 36.Re2 Nc3
37.Rd2 Rg4 38.Rxc3 Rxf4 39.Rc4 Kg7 40.g3 Re4 41.Kg2 Kf7 42.Rd3 Ke6 43.Kf3 Kd5
44.Rc5+ Kxc5 45.Kxe4 Re6+ 46.Kf4 Kc4 47.Rd1 c5 48.g4 d3 49.g5 Kd4 50.h5 c4
51.h6 c3 52.h7 Re8 53.g6 c2 54.Re1 Rf8+ 55.Kg5 d2 56.g7 dxe1=Q 57.gxf8=Q c1=Q+  0-1

[Event "Epetium Open"]
[Site "Stobrec CRO"]
[Date "2007.08.19"]
[Round "2"]
[White "Juric,B"]
[Black "Saric,B"]
[Result "1-0"]
[WhiteElo "1904"]
[BlackElo "1919"]

1.e4 g6 2.d4 Bg7 3.Nc3 d6 4.h3 Nf6 5.Nf3 O-O 6.Be3 b6 7.Qd2 Bb7 8.Bd3 Re8
9.O-O Na6 10.a3 c5 11.Qe2 Rc8 12.Bxa6  1-0

[Event "Acropolis Open"]
[Site "Athens GRE"]
[Date "2007.08.20"]
[Round "7"]
[White "Fakhiridou,E"]
[Black "Petraki,M"]
[Result "1/2-1/2"]
[WhiteElo "2284"]
[BlackElo "2069"]

1.e4 g6 2.d4 Bg7 3.Nc3 d6 4.Nf3 Nd7 5.Be3 a6 6.Bd3 b5 7.O-O c5 8.Re1 cxd4
9.Bxd4 Ngf6 10.Nd5 O-O 11.c4 bxc4 12.Bxc4 a5 13.Rc1 e6 14.Nxf6+ Bxf6 15.Qd2 Bb7
16.Bf1 e5 17.Be3 Bxe4 18.Qxd6 Bxf3 19.gxf3 Bg5 20.f4 Bxf4 21.Bxf4 exf4 22.Qxf4 Qf6
23.Qxf6 Nxf6 24.Rc7 Kg7 25.Bc4 Rad8 26.Ree7 Nd5 27.Bxd5 Rxd5 28.Kg2 Rf5 29.Re3 Rg5+
30.Kf1 Rf5 31.a4 Rd8 32.Ke2 Rd6 33.Rc2 Rdf6 34.Kf1  1/2-1/2

[Event "Acropolis Open"]
[Site "Athens GRE"]
[Date "2007.08.20"]
[Round "7"]
[White "Barsov,A"]
[Black "Malakhatko,V"]
[Result "0-1"]
[WhiteElo "2517"]
[BlackElo "2596"]

1.d4 g6 2.e4 Bg7 3.Nc3 d6 4.g3 c6 5.Bg2 b5 6.Nf3 b4 7.Ne2 a5 8.c4 bxc3 9.Nxc3 Ba6
10.Bf4 Nf6 11.e5 dxe5 12.Nxe5 O-O 13.Qd2 Nd5 14.O-O-O Nxf4 15.Qxf4 e6 16.h4 h6
17.Ne4 Nd7 18.Nxd7 Qxd7 19.h5 Qe7 20.hxg6 fxg6 21.Qg4 Qf7 22.Nc5 Bc4 23.Be4 Bd5
24.Rhe1 g5 25.f4 gxf4 26.Bg6 Qf6 27.Nxe6 f3 28.Nxf8 Rxf8 29.Be4 Bxa2 30.Rf1 f2
31.Rd2 h5 32.Qxh5 Bh6 33.Kc2 Qe6 34.Qg6+ Qxg6 35.Bxg6 Be3 36.Kd3 Rf3 37.Be4 Rxg3
38.Bxc6 Bg5+ 39.Kc2 Bb3+ 40.Kc1 Re3 41.Bd5+ Bxd5 42.Rdxf2 Bc4 43.Rf8+ Kg7
44.R1f5 Rc3+  0-1

[Event "Independence Cup A"]
[Site "Kyiv UKR"]
[Date "2007.08.20"]
[Round "8"]
[White "Manilyk,A"]
[Black "Zakharchenko,A"]
[Result "0-1"]
[WhiteElo "2133"]
[BlackElo "2289"]

1.e4 g6 2.d4 Bg7 3.Nc3 d6 4.Be3 a6 5.Bd3 Nd7 6.Nf3 Ngf6 7.h3 e5 8.dxe5 Nxe5
9.O-O O-O 10.Nxe5 dxe5 11.Qd2 Be6 12.Ne2 Qe7 13.Qc3 Rfe8 14.Rad1 Nh5 15.Bc4 Nf4
16.Rfe1 Rad8 17.Nxf4 exf4 18.Bd4 Rxd4 19.Rxd4 c5 20.Bxe6 Bxd4 21.Bxf7+ Qxf7
22.Qa3 Qc4 23.Qf3 Qxc2 24.e5 Qxb2 25.e6 Qxa2 26.Re2 Qb1+ 27.Kh2 Qf5 28.Qxb7 f3
29.gxf3 Be5+ 30.Kg2 Rxe6 31.Re4 Qg5+ 32.Kf1 Re7 33.Qxa6 Kg7 34.f4 Bxf4 35.h4 Qxh4
36.Qa1+ Kh6  0-1

[Event "X Open"]
[Site "Banyoles ESP"]
[Date "2007.08.21"]
[Round "6"]
[White "Sengupta,D"]
[Black "Fluvia,J"]
[Result "0-1"]
[WhiteElo "2435"]
[BlackElo "2497"]

1.e4 d6 2.d4 g6 3.Nc3 Bg7 4.Nf3 Nf6 5.Be2 O-O 6.O-O Nc6 7.d5 Ne5 8.Nxe5 dxe5
9.Be3 e6 10.Bc5 Re8 11.Bc4 exd5 12.exd5 b6 13.Bb4 e4 14.a4 Ng4 15.Bb5 Nxh2
16.Re1 Bg4 17.Qc1 Qh4 18.Nxe4 Nf3+ 19.gxf3 Bxf3 20.Ng3 Rxe1+ 21.Bxe1 Bd4
22.Qe3 Bxe3 23.fxe3 h5 24.Kf2 Bxd5 25.Ke2 Qg4+ 26.Kd2 Rd8 27.Bd3 Bf3  0-1

[Event "X Open"]
[Site "Banyoles ESP"]
[Date "2007.08.21"]
[Round "6"]
[White "Gonzalez,Ren"]
[Black "Piasetski,L"]
[Result "1-0"]
[WhiteElo "2456"]
[BlackElo "2307"]

1.e4 d6 2.d4 g6 3.Nc3 Bg7 4.Be3 a6 5.f4 b5 6.Bd3 Nd7 7.e5 Bb7 8.Nf3 Nh6 9.a4 b4
10.Ne4 c5 11.c3 O-O 12.a5 Re8 13.O-O Qc7 14.h3 bxc3 15.bxc3 f6 16.Re1 c4
17.Bc2 dxe5 18.fxe5 fxe5 19.dxe5 Nxe5 20.Nxe5 Qxe5 21.Bd4 Qd5 22.Bxg7 Kxg7
23.Qe2 Nf7 24.Qf2 Nd6 25.Nc5 Bc8 26.Ba4 Nb5 27.Bxb5 axb5 28.a6 e5 29.a7 Re7
30.Rf1 Rf7 31.Qe3 Rc7 32.Na6 Bxa6 33.Rxa6 Qc5 34.Qxc5 Rxc5 35.Rfa1 Rc7 36.Kf2 Rd7
37.Ke2 Kf7 38.R1a5 Ke7 39.Rxb5 Rdxa7 40.Rxe5+ Kf7 41.Rxa7+ Rxa7 42.Rc5 Ra4
43.Rc7+ Ke6 44.Rxh7 Ra2+ 45.Ke3 Kd5 46.Rd7+ Kc5 47.Rd2 Ra3 48.Rc2 Ra6 49.Kf4 Rd6
50.Kg5 Kb5 51.Rb2+ Kc5 52.Rf2 Rd3 53.Rf3 Kb5 54.Kxg6 Ka4 55.h4 Kb3 56.h5 Kxc3
57.h6 Kd2 58.Rxd3+  1-0

[Event "Dato Arthur Tan Malaysian Op"]
[Site "Kuala Lumpur MAS"]
[Date "2007.08.21"]
[Round "3"]
[White "Hasan,Me"]
[Black "Zhou Weiqi"]
[Result "0-1"]
[WhiteElo "2280"]
[BlackElo "2469"]

1.e4 g6 2.d4 Bg7 3.Nc3 d6 4.Be3 c6 5.Qd2 b5 6.Bd3 a6 7.Nf3 Bg4 8.h3 Bxf3
9.gxf3 Nd7 10.h4 Ngf6 11.Ne2 c5 12.c3 e5 13.d5 Rb8 14.Ng3 h5 15.Be2 Nh7 16.f4 exf4
17.Bxf4 Rb6 18.a4 Ne5 19.axb5 axb5 20.Ra5 O-O 21.Kf1 b4 22.Kg2 bxc3 23.bxc3 Qe7
24.Bh6 Rfb8 25.Bxg7 Kxg7 26.Qf4 Rb2 27.Rd1 Qf6 28.Qxf6+ Nxf6 29.Ra6 Nxe4
30.Nxe4 Rxe2 31.Nxd6 Ng4 32.Rf1 Rd2 33.Ne4 Ne3+  0-1

[Event "Dato Arthur Tan Malaysian Op"]
[Site "Kuala Lumpur MAS"]
[Date "2007.08.21"]
[Round "4"]
[White "Wan Yunguo"]
[Black "Haessler,C"]
[Result "1-0"]
[WhiteElo "2386"]
[BlackElo "2167"]

1.e4 g6 2.d4 Bg7 3.Nc3 d6 4.Nf3 Nd7 5.Bc4 e6 6.h4 h6 7.Qe2 a6 8.a4 b6 9.e5 d5
10.Nxd5 exd5 11.Bxd5 Rb8 12.Qc4 Qe7 13.O-O Nf8 14.Re1 Be6 15.Bc6+ Bd7 16.Bxd7+ Qxd7
17.d5 Ne7 18.e6 fxe6 19.dxe6 Qc6 20.Qf4 Nxe6 21.Qg4 Kf7 22.Bxh6 Bf6 23.Bg5 Nxg5
24.hxg5 Bxb2 25.Qb4 Bf6 26.gxf6 Qxf6 27.Ne5+ Kg7 28.Nd7 Nd5 29.Qg4 Qd6 30.Nxb8 Qh2+
31.Kf1 Nf4 32.f3 Rxb8 33.Rad1  1-0

[Event "Open A"]
[Site "Polanica Zdroj POL"]
[Date "2007.08.21"]
[Round "5"]
[White "Szumilas,Pa"]
[Black "Betkowski,A"]
[Result "0-1"]
[WhiteElo "2127"]
[BlackElo "2224"]

1.e4 g6 2.d4 Bg7 3.Nc3 d6 4.f4 c6 5.Nf3 Bg4 6.Be3 Qb6 7.Qd2 Nd7 8.Be2 e6
9.O-O-O Qc7 10.h3 Bxf3 11.Bxf3 Ne7 12.g4 Nb6 13.Be2 d5 14.e5 Nc4 15.Bxc4 dxc4
16.Ne4 b5 17.Nd6+ Kd7 18.f5 Nd5 19.fxe6+ fxe6 20.Rhf1 Raf8 21.Ne4 b4 22.c3 Qa5
23.Kb1 bxc3 24.Nxc3 Nxc3+ 25.Qxc3 Qxc3 26.bxc3 Rxf1 27.Rxf1 Rf8 28.Rxf8 Bxf8
29.Kc2 c5 30.g5 Kc6 31.Kd2 cxd4 32.Bxd4 a6 33.Ke3 Kd5 34.Kf4 Ba3 35.Be3 Be7
36.Bd4 Bd8 37.Be3 Bc7 38.Bd4 Bb8 39.a3 Bc7 40.h4 Bb8 41.a4 Bc7 42.Ke3 Bxe5
43.Bxe5 Kxe5 44.a5 Kf5 45.Kd4 e5+ 46.Kxc4 e4 47.Kd4 Kf4  0-1

[Event "1st Serbian League Women"]
[Site "Zlatibor SRB"]
[Date "2007.08.21"]
[Round "1"]
[White "Manakova,M"]
[Black "Petrovic,Mari"]
[Result "1-0"]
[WhiteElo "2321"]
[BlackElo "2197"]

1.e4 g6 2.d4 Bg7 3.Nc3 d6 4.Be3 Nd7 5.Qd2 c6 6.f3 e5 7.O-O-O Qe7 8.Kb1 Ngf6
9.g4 h5 10.g5 Nh7 11.f4 exf4 12.Bxf4 Nb6 13.h4 Bg4 14.Be2 Bxe2 15.Ngxe2 O-O
16.Qd3 Rfe8 17.Rhf1 Rad8 18.Rf2 Qe6 19.d5 Qg4 20.Rg1 Qd7 21.Rgf1 Re7 22.Bg3 Qe8
23.Rf3 a6 24.dxc6 Qxc6 25.e5 d5 26.Nd4 Qe8 27.Rf6 Bxf6 28.gxf6 Rxe5 29.Bxe5 Qxe5
30.Nf3 Qd6 31.Ng5 Nxf6 32.Qd4  1-0

[Event "Open A"]
[Site "Polanica Zdroj POL"]
[Date "2007.08.22"]
[Round "6"]
[White "Bulski,K"]
[Black "Socko,M"]
[Result "0-1"]
[WhiteElo "2396"]
[BlackElo "2479"]

1.d4 d6 2.e4 g6 3.Nc3 Bg7 4.f4 Nf6 5.Nf3 O-O 6.Bd3 Na6 7.Be3 c5 8.e5 Ng4
9.Bg1 cxd4 10.Bxd4 dxe5 11.fxe5 Nb4 12.Be4 Nc6 13.Bxc6 bxc6 14.h3 c5 15.Bxc5 Nxe5
16.Nxe5 Bxe5 17.O-O Qc7 18.Bd4 Rd8 19.Bxe5 Qc5+ 20.Bd4 Rxd4 21.Qe1 Rd1+ 22.Qf2 Qxf2+
23.Kxf2 Rd2+ 24.Kg1 Rxc2 25.Rf2 Rxf2 26.Kxf2 Rb8 27.b3 Be6 28.Ne2 Rd8 29.Ke3 f6
30.Rc1 Kf7 31.Rc5 Rd5 32.Rc7 Rd7 33.Rc5 Bd5 34.g3 e5 35.Ra5 Be6 36.Nc3 Bxh3
37.Nb5 h5 38.Nxa7 g5 39.Nc6 Bg2 40.Rc5 h4 41.gxh4 gxh4 42.Nxe5+ fxe5 43.Rxe5 Kg6
44.Re8 h3 45.Rh8 Ra7 46.Kf2 Rxa2+ 47.Kg3 Rb2 48.Rb8 Bf1 49.Rb4 Bg2 50.Rb8 Kg7
51.Rb6 Kf7 52.Rb4 Ke6 53.Rb8 Kd5 54.Rb6 Kd4 55.Rb4+ Kc3 56.Rf4 Rxb3 57.Rf8 Kd2+
58.Kh2 Rb1 59.Kg3 Ke2 60.Rf2+ Ke3 61.Ra2 Rb3 62.Ra4 Ke2+ 63.Kh2 Kf3 64.Ra7 Re3
65.Rf7+ Ke2 66.Rh7 Kf2 67.Rf7+ Rf3 68.Rg7 Rf4 69.Ra7 Kf3 70.Rg7 Bf1 71.Rh7 Kf2
72.Rh8 Rf3 73.Rh6 Ke3 74.Rh8 Kf4 75.Rf8+ Kg4 76.Rg8+ Kh5 77.Rh8+ Kg6 78.Rh4 Rf2+
79.Kg1 Rf5 80.Kh2 Kg5 81.Rh8 Kg4 82.Rd8 Re5 83.Rh8 Bc4 84.Rh7 Re2+ 85.Kg1 Be6
86.Rh6 Kg3  0-1

[Event "Open A"]
[Site "Polanica Zdroj POL"]
[Date "2007.08.24"]
[Round "8"]
[White "Chlost,M"]
[Black "Betkowski,A"]
[Result "1-0"]
[WhiteElo "2120"]
[BlackElo "2224"]

1.e4 g6 2.d4 Bg7 3.Nc3 d6 4.f4 c6 5.Bc4 e6 6.Nf3 d5 7.Bd3 dxe4 8.Nxe4 Nf6
9.Nxf6+ Bxf6 10.c3 b6 11.Be4 Bb7 12.Ne5 Bxe5 13.dxe5 Qxd1+ 14.Kxd1 Nd7 15.Be3 O-O-O
16.Kc2 c5 17.Bxb7+ Kxb7 18.Bf2 Nb8 19.Bh4 Rd7 20.Bf6 Rc8 21.g4 Rcc7 22.Rad1 c4
23.h4 Rxd1 24.Kxd1 Rd7+ 25.Ke2 Na6 26.h5 Nc5 27.hxg6 fxg6 28.f5 gxf5 29.gxf5 exf5
30.Rf1 Kc6 31.Rxf5 Kd5 32.Rf4 b5 33.Rf1 Ke6 34.Bh8 Nd3 35.Rf6+ Kd5 36.b3 Nxe5
37.Rf5 Re7 38.bxc4+ bxc4 39.Ke3 Kd6 40.Kd4 Ng6 41.Bf6 Rf7 42.Rd5+ Ke6 43.Bg5 Nf4
44.Rc5 Nd3 45.Rxc4 Ne5 46.Rc5 Nf3+ 47.Ke4 Nxg5+ 48.Rxg5 Kd6 49.Rh5 Kc6 50.Kd4 Rf4+
51.Kd3 Rf7 52.Kc4 Rf4+ 53.Kb3 Rf7 54.Kb4 Rb7+ 55.Kc4 Rf7 56.Rh6+ Kb7 57.Kb4 Kb8
58.c4 Rg7 59.Kc3 Rc7 60.a4 Rg7 61.a5 Kc8 62.c5 Kb8 63.Kc4 Kc8 64.Kb5 Rb7+
65.Ka6 Rg7 66.Kb5 Rb7+ 67.Kc4 Rg7 68.Rf6 Rg4+ 69.Kb5 Rg7 70.a6 Kd7 71.Rf8 Ke6
72.Rb8 Rc7 73.Rh8 Kd5 74.Rd8+ Ke5 75.Rd6 Kf5 76.c6 h5 77.Rd7 Rc8 78.c7 h4
79.Kc6  1-0

[Event "16th VR Bank Open"]
[Site "Apolda GER"]
[Date "2007.08.25"]
[Round "4"]
[White "Reyer,U"]
[Black "Ruemmler,R"]
[Result "1-0"]
[WhiteElo "2200"]
[BlackElo "2061"]

1.e4 g6 2.d4 Bg7 3.Nc3 d6 4.f4 c6 5.Be3 Nf6 6.Be2 Qa5 7.Bf3 h5 8.h3 d5 9.e5 Ne4
10.Ne2 f5 11.Bxe4 dxe4 12.d5 cxd5 13.Qxd5 Qxd5 14.Nxd5 Na6 15.O-O-O Kf7 16.Nd4 Rd8
17.Nb5 b6 18.Ndc7 Rxd1+ 19.Rxd1 Nxc7 20.Nxc7 Rb8 21.Rd8 g5 22.e6+ Kg6 23.Nd5 gxf4
24.Bxf4 Bh6 25.Bxh6  1-0

[Event "LNA Copa Puma"]
[Site "Argentina ARG"]
[Date "2007.08.25"]
[Round "3"]
[White "Ginzburg,Ma"]
[Black "Perez,Max"]
[Result "1/2-1/2"]
[WhiteElo "2455"]
[BlackElo "2149"]

1.e4 g6 2.d4 Bg7 3.Nc3 d6 4.h4 h5 5.Nh3 Nc6 6.d5 Ne5 7.Ng5 Nh6 8.Be2 c6 9.O-O O-O
10.a4 a5 11.Be3 Nhg4 12.Bxg4 Bxg4 13.f3 Bd7 14.Qe2 Qc8 15.f4 Ng4 16.Bd2 e6
17.dxe6 fxe6 18.g3 b5 19.Qd3 b4 20.Ne2 d5 21.e5 Rf5 22.Nd4 c5 23.Nxf5 gxf5
24.b3 Bf8 25.Nf3 c4 26.Qe2 Bc5+ 27.Kh1 c3 28.Be1 Bc6 29.Rd1 d4 30.Bf2 Qd7
31.Kg2 Rd8 32.Rd3 Qb7 33.Bg1 Rd7 34.Rfd1 Qb6 35.Kh3 Be4 36.Ng5 Qc6 37.Nf3  1/2-1/2

[Event "Dato Arthur Tan Malaysian Op"]
[Site "Kuala Lumpur MAS"]
[Date "2007.08.25"]
[Round "10"]
[White "Inoue,S"]
[Black "Haessler,C"]
[Result "0-1"]
[WhiteElo "2031"]
[BlackElo "2167"]

1.e4 g6 2.d4 Bg7 3.Nc3 d6 4.g3 Nd7 5.Bg2 e6 6.Nge2 Ne7 7.O-O b6 8.Be3 Bb7
9.Qd2 h6 10.f4 Kf8 11.a4 a6 12.Rad1 d5 13.f5 exf5 14.exf5 g5 15.g4 Nf6 16.h3 Nc8
17.Ng3 Nd6 18.b3 Kg8 19.Rde1 Kh7 20.Bxg5 hxg5 21.Qxg5 Bh6 22.Qh4 Rg8 23.Re5 Nde4
24.Ncxe4 dxe4 25.c3 c5 26.Nh5 Nxh5 27.Qxh5 f6 28.Re6 Bd5 29.Bxe4 Rg5 30.Qf7+ Rg7
31.Qh5 cxd4 32.h4 Bxe4 33.g5 Bd3 34.Rf4 dxc3 35.Qxh6+ Kg8 36.Rxf6 Qd5 37.Rd6 Qc5+
38.Kh2 Qe5 39.Qe6+ Qxe6 40.Rxe6 c2 41.Rc6 Re7 42.f6 Rd8 43.f7+ Kf8 44.Rh6 c1=Q
45.Rh8+ Kg7  0-1

[Event "15th Open"]
[Site "Nikea GRE"]
[Date "2007.08.25"]
[Round "3"]
[White "Goumas,G"]
[Black "Koronas,V"]
[Result "1-0"]
[WhiteElo "2183"]
[BlackElo "1691"]

1.e4 g6 2.d4 Bg7 3.Nc3 d6 4.f4 f6 5.f5 e6 6.fxe6 Bxe6 7.Be3 Ne7 8.Qd2 h5
9.O-O-O Nd7 10.Bd3 Bf7 11.h4 Nc6 12.a3 Na5 13.Qe2 a6 14.Nf3 b5 15.e5 dxe5
16.dxe5 Qe7 17.Be4 Nc4 18.Bxa8 Nxe3 19.Bc6 Nxd1 20.Rxd1 Be6 21.Nd5 Bh6+ 22.Kb1 Bxd5
23.Rxd5 Bf4 24.Rxd7 Qxd7 25.exf6+  1-0

[Event "15th Open"]
[Site "Nikea GRE"]
[Date "2007.08.25"]
[Round "3"]
[White "Fanourgakis,K"]
[Black "Petraki,M"]
[Result "0-1"]
[WhiteElo "1868"]
[BlackElo "2069"]

1.e4 g6 2.d4 Bg7 3.Nc3 d6 4.Bc4 a6 5.Be3 b5 6.Bb3 e6 7.Nge2 Ne7 8.a3 Nd7
9.O-O Bb7 10.f3 Rc8 11.Qd2 h6 12.Rad1 d5 13.Nf4 Nf6 14.e5 Nd7 15.Nd3 Nf5
16.Bf2 c5 17.Nxc5 Nxc5 18.dxc5 Bxe5 19.f4 Bg7 20.Rfe1 O-O 21.Ba2 d4 22.Ne2 Rxc5
23.c3 Nh4 24.cxd4 Rh5 25.d5 Bxd5 26.Ng3 Nxg2 27.Nxh5 Nxe1 28.Bxe1 gxh5 29.Bxd5 exd5
30.Qg2 d4 31.Rd3 Re8 32.Bd2 Kh8 33.Kf1 Qe7 34.Qf3 Qh4 35.h3 Bf6 36.Bb4 Bg7
37.Bd2 Qe7 38.Qxh5 Qe4 39.Qf3 Qe6 40.b3 Rc8 41.f5 Qf6 42.Qe4 Rc5 43.Rf3 Re5
44.Qd3 Qh4 45.Rf4 Qh5 46.Rf3 Bf6 47.a4 Kh7 48.Kg2 Re8 49.Kf1 Bg5 50.Bxg5 Qxg5
51.Kf2 Qc1 52.f6+ Kh8 53.Qxd4 Qe1+ 54.Kg2 Rg8+ 55.Qg4 Rxg4+ 56.hxg4 Kh7 57.axb5 axb5
58.Kh3 Kg6 59.Kg2 b4 60.Kh3 Qc3 61.Kg2 Qxf3+ 62.Kxf3 Kxf6 63.Kg3 Kg5 64.Kf3 f5  0-1

[Event "27th Open"]
[Site "Bratto ITA"]
[Date "2007.08.26"]
[Round "4"]
[White "Horvath,Cs1"]
[Black "De Santis,A"]
[Result "1-0"]
[WhiteElo "2558"]
[BlackElo "2346"]

1.d4 d6 2.e4 g6 3.Nc3 Bg7 4.Be3 a6 5.f4 e6 6.Nf3 Ne7 7.Bd3 f5 8.Qe2 Nd7 9.Bf2 Nf6
10.Bh4 fxe4 11.Nxe4 Nf5 12.Bg5 h6 13.Bxf6 Bxf6 14.O-O-O Bg7 15.c3 O-O 16.Rhe1 Bd7
17.Qc2 b5 18.Nf2 Qf6 19.Kb1 a5 20.Ne4 Qf7 21.g4 Ne7 22.g5 h5 23.Nf6+ Bxf6
24.gxf6 Qxf6 25.Ng5 Nf5 26.Bxb5 c6 27.Bc4 d5 28.Bd3 a4 29.Re5 c5 30.Bxf5 gxf5
31.dxc5 Rfc8 32.Rg1 Kh8 33.Qd1  1-0

[Event "Kalamaria Open"]
[Site "Thessaloniki GRE"]
[Date "2007.08.27"]
[Round "4"]
[White "Papadopoulos,I"]
[Black "Chatalbashev,B"]
[Result "0-1"]
[WhiteElo "2395"]
[BlackElo "2573"]

1.e4 g6 2.d4 Bg7 3.Nc3 d6 4.f4 Nf6 5.Nf3 O-O 6.Be3 b6 7.Bd3 c5 8.e5 Ng4 9.Qe2 Nc6
10.Be4 Nb4 11.a3 d5 12.axb4 dxe4 13.Nxe4 Bb7 14.Ned2 Nxe3 15.Qxe3 cxd4 16.Qxd4 Qxd4
17.Nxd4 Bxg2 18.Rg1 Bb7 19.Ra3 Rfd8 20.c3 Bh6 21.Rg4 e6 22.Ke2 Bf8 23.Ra4 a6
24.Ra1 Bxb4 25.Nxe6 fxe6 26.cxb4 Rd4 27.b5 Rad8 28.Nf1 axb5 29.Rc1 Rb4 30.Rc2 Be4
31.Rd2 Rxd2+ 32.Nxd2 Rxb2 33.Rg1 b4  0-1